[Event "Nanjing Pearl Spring 2nd"]
[Site "Nanjing"]
[Date "2009.10.09"]
[Round "10"]
[White "Carlsen, Magnus"]
[Black "Jakovenko, Dmitrij"]
[Result "1-0"]
[WhiteElo "2772"]
[BlackElo "2742"]
[Annotator "Krasenkow,Michal"]
[PlyCount "75"]
[EventDate "2009.09.28"]
[EventType "tourn"]
[EventRounds "10"]
[EventCountry "CHN"]
[EventCategory "21"]
[SourceTitle "CBM 133"]
[Source "ChessBase"]
[SourceDate "2009.11.19"]
[SourceVersion "1"]
[SourceVersionDate "2009.11.19"]
[SourceQuality "1"]

1. d4 d5 2. c4 e6 3. Nc3 Be7 4. cxd5 exd5 5. Bf4 c6 6. Qc2 Bd6 7. Bxd6 Qxd6 8. e3 Ne7 {A detailed review of this line is given in annotations to Onischuk - Kovacs in this issue.} 9. Bd3 b6 10. Nf3 Ba6 11. O-O Bxd3 12. Qxd3 Nd7 (12... O-O $142 13. e4 dxe4 14. Nxe4 Qd5) 13. e4 $1 {[%mdl 32] This is now extremely effective.} O-O ({The point is that after} 13... dxe4 14. Nxe4 Qd5 {(or elswhere)} (14... Qe6 15. Qa3 O-O $2 16. Nfg5 $18) 15. Qa3 $1 {Black will not be able to castle! Therefore Dmitry Jakovenko decides to let the e4-pawn move forward.}) 14. e5 $14 {White now has an edge due to his space advantage.} ({RR} 14. Rfe1 Rfe8 15. Rac1 dxe4 16. Nxe4 Qd5 17. Nc3 Qd6 18. Qc4 Nf6 19. Ne5 Rf8 20. g4 Rac8 21. h3 Nfd5 22. Ne4 Qh6 23. Qb3 Nf4 24. Kh2 Ned5 25. Qg3 f6 26. Rxc6 Rxc6 27. Nxc6 f5 {0-1 (27) Nakamura,H (2780)-Topalov,V (2749) Saint Louis 2017}) ({RR} 14. Rfe1 dxe4 15. Nxe4 Qd5 16. Re3 Ng6 17. Nc3 Qd6 18. Rae1 Nf6 19. Ne4 Nxe4 20. Qxe4 c5 21. g3 Rad8 22. dxc5 Qxc5 23. h4 h6 24. Qg4 Rd5 25. b4 Qb5 26. a3 Rfd8 27. Qe4 a5 28. bxa5 bxa5 {Iljiushenok,I (2491)-Jakovenko,D (2748) Baku 2015 ½-½ (35)}) 14... Qe6 $146 ({RR} 14... Qh6 15. Rae1 Rfd8 16. g3 Nf8 17. Nh4 g5 18. Ng2 Qg6 19. Qd1 c5 20. f4 cxd4 21. Nb5 Ne6 22. Nd6 Rxd6 23. exd6 Nf5 24. g4 {1-0 (24) Vazquez,G (2446)-Giannatos,P (2290) Philadelphia 2017}) 15. Rae1 Rfe8 (15... f6 $5) 16. Nh4 $1 {[%cal Yf2f4,Yf4f5]} Ng6 (16... f5 $5 {It would take White a lot of time to prepare g2-g4.}) 17. Nxg6 Qxg6 18. Qd2 Nf8 (18... f5 {[%cal Yd7f8]}) 19. f4 Qf5 $2 (19... f5 {was possible here, too. Instead, Black blocks White's f-pawn with his queen, which proves ineffective.}) 20. Nd1 f6 21. Ne3 Qd7 22. Qd3 {[%cal Re3f5,Rf5d6]} fxe5 {Black finds a way to parry White's threat but White now obtains a crushing pawn avalanche. One of Philidor's model games had a similar course.} 23. dxe5 Ne6 24. f5 Nc5 25. Qd4 {[%cal Ye5e6,Ye3g4,Yf5f6]} Ne4 {Desperation, rather than a blunder. White now wins a pawn and then converts his material advantage.} 26. Nxd5 $1 {[%mdl 64]} Qxd5 (26... cxd5 27. Rxe4 $18) 27. Qxe4 Rad8 28. e6 (28. f6 $5) 28... Qxe4 29. Rxe4 Rd6 (29... Rd2 30. b4 $1 (30. g4 $143 Rxb2 31. g5 Rb5 32. h4 Kf8 33. f6 Rd5) 30... Rxa2 31. Rc1 Rc8 32. Rec4 $18) 30. g4 Kf8 31. g5 Ke7 32. Kg2 Rd5 33. Kg3 Kd6 34. h4 c5 35. f6 gxf6 36. gxf6 Rd3+ 37. Kh2 Rd2+ 38. Kh1 1-0

[Event "Biel GM 45th"]
[Site "Biel"]
[Date "2012.07.24"]
[Round "2"]
[White "Bacrot, Etienne"]
[Black "Morozevich, Alexander"]
[Result "1-0"]
[WhiteElo "2713"]
[BlackElo "2770"]
[Annotator "Krasenkow,Michal"]
[PlyCount "49"]
[EventDate "2012.07.23"]
[EventType "tourn"]
[EventRounds "10"]
[EventCountry "SUI"]
[EventCategory "21"]
[SourceTitle "CBM 150"]
[Source "ChessBase"]
[SourceDate "2012.09.14"]
[SourceVersion "1"]
[SourceVersionDate "2012.09.14"]
[SourceQuality "1"]

1. d4 d5 2. c4 e6 3. Nc3 c6 4. e4 dxe4 5. Nxe4 Bb4+ 6. Bd2 Qxd4 7. Bxb4 Qxe4+ 8. Be2 Na6 9. Bd6 Qxg2 10. Qd2 e5 (10... Qxh1 $2 11. O-O-O {[%cal Rd6g3,Re2f3]}) (10... Nf6 {is the main theoretical continuation - see e.g. Moiseenko-Pavasovic in CBM 118 with annotations by GM I.Stohl.}) 11. Bxe5 (11. Bf3 Qg6 12. Bxe5 Be6 13. O-O-O Nf6 14. Ne2 Qf5 $1 15. Qc3 Nb4 $1 16. Qxb4 Qxe5 17. Rhe1 Qc7 {[%cal Yc7e7]} 18. Nd4 O-O-O $17 {0-1 Castilla Leon Salas,C (2126)-Sengupta,D (2562)/Seville ESP 2012/The Week in Chess 896 (27)}) (11. O-O-O $5 Bf5 (11... Qe4 $1 12. Bxe5 Bf5) 12. Bxe5 (12. Nf3 $1) 12... Ne7 (12... Qe4 $1 13. Bd3 Qxd3 14. Qxd3 Bxd3 15. Bxg7 Nb4 $132) 13. Nf3 f6 14. Rhg1 Qh3 15. Rxg7 fxe5 16. Rxe7+ Kxe7 17. Qd6+ {1-0 Steneskog,P-Eriksson,M (2225)/Linkoping 1996/EXT 2000}) 11... Bf5 (11... Be6 $143 12. O-O-O) (11... Qxh1 $2 12. O-O-O {[%cal Rd2d8,Re2f3]}) 12. Bf3 $1 (12. O-O-O Qe4 {- see above.}) 12... Qg6 13. O-O-O Nc5 14. Qe3 $44 {[%csl Re8] It is very difficult to defend such positions (though they are theoretically satisfactory) since a minor mistake can lead to a disaster, which the present game shows. White's margin of error is much wider here.} Bb1 $1 (14... Ne6 15. Ne2 $40) 15. Rd2 (15. Bd6+ Ne6 16. Qb3 O-O-O $1 17. Bxc6 Nc5 $1 18. Bxc5 Rxd1+ 19. Qxd1 Qxc6 20. Qg4+ Kb8 $1 21. Qg3+ Kc8 22. Kxb1 Qxh1 23. Qxg7 Qe4+ 24. Kc1 Qxc4+ 25. Kd1 Qxc5 26. Qxh8 $11) 15... Bxa2 16. Bd6+ (16. Rd6 Nb3+ 17. Kd1 Qb1+ 18. Ke2 Qc2+ 19. Ke1 Ne7 20. Bxg7 $13) 16... Ne6 17. Be4 Qh6 18. f4 Nf6 19. Nf3 Bxc4 (19... Nxe4 20. Qxe4 O-O-O 21. Ne5 {looks dangerous for Black although, according to the analysis, he survives after} Rhe8 $1 ({or even} 21... Qf6 22. Nxc6 Rxd6 23. Rxd6 bxc6 24. Qxc6+ Kb8 25. Qb5+ Ka8) 22. Nxf7 (22. Nxc6 Rxd6 $1 23. Rxd6 Qxf4+ 24. Qxf4 Nxf4) 22... Nd4 $1 23. Qxd4 Qg6 24. f5 $1 Qxf7 $1 25. Qxa7 Rxd6 26. Qa8+ Kc7 27. Qa5+ Kb8 28. Rxd6 Qxc4+ 29. Qc3 $11) 20. Re1 O-O-O {Of course, it is not easy to find a defence like} (20... Nd5 $1 21. Qf2 $1 Rd8 $13) ({or} 20... Bd5 21. Bf5 Qh5 $1 22. Ng5 O-O-O $1 23. Nxe6 fxe6 24. Bxe6+ Bxe6 25. Qxa7 Rxd6 $1 26. Rxd6 Bd7 27. Qa8+ Kc7 28. Rxd7+ Nxd7 29. Qxh8 $11) 21. Bxc6 $1 Ba6 $146 {The first and decisive mistake.} (21... bxc6 {was quite possible. After} 22. Qxa7 Rxd6 $1 {White has nothing better than a perpetual:} 23. Qa8+ Kc7 24. Qa7+) ({RR} 21... bxc6 22. Qxa7 Rxd6 23. Qa8+ Kc7 24. Qa7+ Kc8 25. Qa8+ Kc7 26. Qa7+ Kc8 {½-½ (26) Kudas,D (2098)-Watorek,M (2154) Koszalin 2012}) 22. Ng5 $1 $18 {[%mdl 64]} Nxg5 $2 {This leads to a forced mate but} (22... Rxd6 {is not enough anymore:} 23. Rxd6 bxc6 24. Nxf7 Qxf4 25. Rxc6+ (25. Qxf4 $143 Nxf4 26. Nxh8 Kc7 27. Nf7 Nd3+ 28. Rxd3 Bxd3) 25... Kb7 26. Rxe6 Rc8+ 27. Kb1 Qf5+ 28. Ka1 Qa5+ 29. Qa3 $18) 23. Bd7+ $1 Kxd7 (23... Rxd7 24. Qc5+ Kd8 25. Be7+ Ke8 26. Qc8+) (23... Nxd7 24. Qc3+) 24. Qe7+ Kc6 25. Qc7+ {, and mate in two.} 1-0

[Event "RUS-ch qual 57th"]
[Site "St Petersburg"]
[Date "2004.05.29"]
[Round "8"]
[White "Epishin, Vladimir"]
[Black "Tregubov, Pavel V"]
[Result "1-0"]
[WhiteElo "2610"]
[BlackElo "2636"]
[Annotator "Dautov,Rustem"]
[PlyCount "97"]
[EventDate "2004.05.21"]
[EventType "swiss"]
[EventRounds "9"]
[EventCountry "RUS"]
[SourceTitle "CBM 102"]
[Source "ChessBase"]
[SourceDate "2004.09.23"]
[SourceVersion "1"]
[SourceVersionDate "2004.09.23"]
[SourceQuality "1"]

1. d4 d5 2. c4 e6 3. Nc3 c6 4. e3 Bd6 5. Be2 f5 6. f4 {Epishin hat keine Lust, den schwarzen Stonewall zu bekämpfen, er errrichtet stattdessen seinen eigenen!} Nf6 7. Nf3 O-O 8. O-O b6 9. Bd2 $1 {Das ist die Idee hinter dem schlichten, fast symmetrischen Aufbau! Der Läufer wird nicht fianchettiert, sondern via e1 nach h4 überführt.} Bb7 {Besser gefällt mir die Entwicklungsmethode a7-a5 nebst a6, die zweimal von Haba angewandt wurde.} (9... Ne4 10. Be1 Nxc3 11. Bxc3 a5 12. Rc1 Ba6 13. b3 Nd7 14. Be1 Nf6 15. Bh4 Qd7 16. Bxf6 Rxf6 17. Rf2 Rff8 18. Ne5 Bxe5 19. fxe5 Bb7 20. Bf3 Rac8 21. Rfc2 Rfd8 $14 {Epishin,V-Haba,P/Brno 1994}) (9... a5 10. Be1 Ba6 11. b3 Ne4 12. Rc1 Nxc3 13. Rxc3 b5 14. Bh4 Qe8 15. Rc2 h6 16. Kh1 Rf7 17. c5 Bc7 18. a3 Nd7 19. Rg1 b4 20. Bxa6 Rxa6 21. a4 Bd8 22. Bxd8 Qxd8 23. g4 $14 {Nedela,V-Haba,P/Czechia 1996}) 10. Be1 $146 ({RR} 10. Rc1 Nbd7 11. cxd5 exd5 12. Ne5 c5 13. Be1 Rc8 14. Bh4 Be7 15. Bf3 Kh8 16. Re1 a6 17. dxc5 Nxc5 18. Ne2 Nfd7 19. Bg3 Nxe5 20. fxe5 Ne4 21. Bxe4 dxe4 22. Nd4 Qd5 23. Rxc8 Bxc8 24. Qb3 Qc5 {Chuprikov,D (2443)-Yudin,S (2556) Belgorod 2008 0-1 (60)}) 10... Ne4 11. b4 $1 {[%mdl 64] Mit einem kleinen taktischen Trick startet Epishin das Spiel auf dem Damenflügel. Aus diesem Grund war a7-a5 ratsam.} Nxc3 (11... Bxb4 $2 12. Nxe4 Bxe1 13. Neg5 $18) 12. Bxc3 Nd7 13. Rb1 Nf6 14. Qc2 dxc4 $6 {Nicht die beste Entscheidung. Die entstehende Bauernstruktur ermöglicht Weiß die Durchsetzung von e3-e4.} (14... Ne4 $5) 15. Bxc4 Nd5 16. Bd2 $14 Qe7 17. a3 Rac8 (17... c5 $2 18. bxc5 bxc5 19. e4 $1 fxe4 20. Qxe4 $16) 18. Qb3 Ba8 19. Rbe1 {Setzt geradlinig den Zentrumsvorstoß durch.} c5 20. dxc5 bxc5 21. e4 fxe4 22. Rxe4 cxb4 23. axb4 Kh8 24. Ng5 Nxf4 $2 {Es gab keinen Grund für diesen verzweifelten Abtausch, der Weiß eine technisch gewonnene Stellung schenkt. Sowohl 24...xb4 als auch 24...f6 war gut spielbar. Allerdings waren diese Züge mit taktischen Finessen untermauert, die zu sehen alles andere als leicht war.} (24... Bxb4 25. Qh3 (25. Bxb4 Qxb4 26. Nxe6 (26. Bxd5 $2 Qc5+) 26... Qb6+ $1 27. Kh1 Rf6 $11) 25... Nf6 (25... h6 $2 26. Rxe6 $18) 26. Rxe6 Bxg2 $3 $13 {FRITZ}) (24... Rf6 25. Qb1 (25. f5 Bxb4 26. Bxb4 Qxb4 27. Qxb4 Nxb4 28. Rh4 Bd5 $11) 25... Rg6 $1 26. Rxe6 Qxe6 27. Nxe6 Rxg2+ 28. Kxg2 Nc3+ 29. Kf2 Nxb1 30. Rxb1 Rxc4 $11 {FRITZ}) 25. Rexf4 Bxf4 26. Rxf4 (26. Bxf4 $4 Rxf4 $17) 26... Rxf4 27. Bxf4 Qb7 28. Bf1 $18 {Schwarz kann den Verlust des Bauern e6 nicht verhindern, seine Stellung ist hoffnungslos.} Qd5 29. Qh3 Qf5 30. Nxe6 Qxh3 31. gxh3 Rc2 32. Be3 Bd5 33. Nd4 Rb2 34. b5 Ra2 35. Nc6 a5 36. Bb6 $1 a4 37. Nb4 Rd2 38. Be3 Rd1 39. Nxd5 Rxd5 40. b6 a3 41. b7 Rd8 42. Bb6 Rb8 43. Bg2 a2 44. Bd4 Kg8 45. Bd5+ Kf8 46. h4 g6 47. Be5 Ke7 48. h3 Kd7 49. Kh2 1-0

[Event "USA-ch"]
[Site "Saint Louis"]
[Date "2016.04.23"]
[Round "9"]
[White "Lenderman, Aleksandr"]
[Black "Caruana, Fabiano"]
[Result "0-1"]
[WhiteElo "2618"]
[BlackElo "2795"]
[Annotator "Krasenkow,Michal"]
[PlyCount "80"]
[EventDate "2016.04.14"]
[EventType "tourn"]
[EventRounds "11"]
[EventCountry "USA"]
[EventCategory "17"]
[SourceTitle "CBM 172"]
[Source "ChessBase"]
[SourceDate "2016.05.12"]
[SourceVersion "1"]
[SourceVersionDate "2016.05.12"]
[SourceQuality "1"]

1. c4 e6 2. Nc3 d5 3. d4 Be7 4. cxd5 exd5 5. Bf4 c6 6. e3 Bf5 7. g4 Be6 8. h4 Nd7 9. g5 {This has recently become more popular than} (9. h5) 9... h6 {The most logical move but knight manoeuvres have been seen in practice, too:} (9... Nf8 $5 10. Be5 f6 11. Bg3 $5) (9... Nb6 10. Be5 h6 $5 11. Bxg7 Rh7 12. gxh6 Nxh6 13. Be5 Ng4 14. Bg3 Bxh4 15. Qf3 Qe7 $13 {0-1 (33) Lokander,M (2271)-Talla,V (2388) Pardubice 2012}) 10. g6 f5 $1 $146 {[%mdl 40] An interesting, aggressive novelty. Black avoids the opening of the g-file. White's g- and h-pawns remain weak. In other cases Black faces problems:} (10... fxg6 11. Bd3 Bf7 (11... Ngf6 12. Bxg6+ Bf7 13. Bxf7+ Kxf7 14. Nf3 Rf8 15. Rg1 $40 {1-0 (26) Ponomariov,R (2743)-Sargissian,G (2671) Khanty-Mansiysk 2013}) (11... Nf8 12. Qc2 (12. Nf3 Bf5 13. Ne5 Nf6 14. Rg1 $36 {1-0 (40) Caruana,F (2736)-Melkumyan,H (2620) Moscow 2012}) 12... Bf6 (12... Nf6 13. Nf3 Qc8 14. Ne5 Bf5 15. Nxg6 Bxd3 16. Qxd3 Nxg6 17. Qxg6+ Kd8 18. O-O-O $16 {1-0 (41) Artemiev,V (2499)-Oparin,G (2496) Loo 2013}) (12... g5 13. hxg5 Bxg5 14. Bg3 Bf6 15. Nge2 h5 16. O-O-O h4 17. e4 Nh6 18. Bf4 g5 19. Bd2 $40 {1-0 (33) Brodsky,M (2558)-Jojua,D (2507) Cappelle-la-Grande 2012}) 13. O-O-O Ne7 14. Nge2 Bf5 15. e4 dxe4 16. Nxe4 Bxe4 17. Bxe4 Nd5 18. Bg3 Qa5 19. Bxd5 cxd5 20. Kb1 $40 {1-0 (35) Peralta,F (2591)-Barsov,A (2514) Catalunya 2012}) 12. Qc2 Ngf6 (12... g5 13. hxg5 Bxg5 14. Bg3 Ne7 15. Nf3 Bf6 16. O-O-O c5 17. Kb1 c4 18. Bf5 O-O 19. Rdg1 Qe8 20. Bf4 $16 {1-0 (26) Tomashevsky,E (2711)-Aghasaryan,R (2503) Yerevan 2014}) 13. Bxg6 O-O 14. Nge2 Nh5 15. O-O-O Qe8 16. Bh7+ Kh8 17. Rdg1 $40 {1/2 (29) Savina,A (2389)-Batsiashvili,N (2408) Loo 2014}) (10... Ngf6 11. gxf7+ Bxf7 12. Bd3 (12. Nf3 Nh5 13. Bh2 O-O 14. Be2 Nhf6 15. Qc2 Ne4 16. Nxe4 dxe4 17. Nd2 c5 $36 {1-0 (33) Gretarsson,H (2560)-Ragnarsson,D (2272) Reykjavik ISL 2015}) 12... O-O (12... Qa5 13. Nge2 Ne4 14. Qb3 b5 15. Qc2 Ndf6 16. Rg1 Nxc3 17. bxc3 Kf8 18. Be5 $16 {1/2 (49) Dzagnidze,N (2545)-Kosteniuk,A (2491) Geneve 2013}) (12... Ne4 13. Bxe4 (13. Nxe4 dxe4 14. Bxe4 Nf6 15. Bf3 O-O 16. Ne2 {1-0 (81) Ponomariov,R (2743)-Riazantsev,A (2708) Khanty-Mansiysk 2013} Nd5 $44) 13... dxe4 14. Nge2 O-O 15. Qc2 Nf6 16. Rg1 Kh8 17. Be5 $36 {1-0 (33) Nepomniachtchi,I (2717)-Ponomariov,R (2756) Riga 2013}) (12... Nh5 13. Bh2 (13. Be5 O-O 14. Qg4 Nhf6 15. Qg3 Nh5 16. Qg4 Nhf6 17. Qg3 Nh5 {1/2 (17) Morozevich,A (2762)-Giri,A (2714) Reggio Emilia 2012}) 13... O-O (13... Bxh4 14. Nf3 O-O {1-0 (44) Song,M (2340)-Tang,A (2416) Las Vegas USA 2015} 15. Bf5 Be7 16. Rg1 $44) 14. Qg4 Ndf6 15. Qg2 Be6 16. Bg6 Ne4 17. Nf3 Nxc3 18. bxc3 Qa5 19. Kd2 Qa3 20. Rhb1 $36 {1/2 (39) Stefanova,A (2496)-Kosteniuk,A (2495) Tashkent 2013}) 13. Qf3 Qb6 (13... Kh8 14. Nge2 Ne4 15. Bxe4 dxe4 16. Qxe4 Nf6 17. Qg2 Bh5 {1-0 (32) Rodshtein,M (2638)-Avrukh,B (2576) Beersheba 2013} 18. Be5 $16) 14. O-O-O Bh5 (14... c5 15. Nge2 Rac8 16. Rhg1 Kh8 17. Bc2 cxd4 18. Rxd4 Bc5 19. Na4 Qa5 20. Nxc5 Rxc5 21. Bd6 Qxa2 22. Bxc5 Nxc5 23. Qg3 $18 {1-0 (75) Nepomniachtchi,I (2721)-Aronian,L (2803) Beijing 2013}) 15. Qg2 Bxd1 16. Nxd1 $44 {[%csl Rg8][%cal Rf4h6,Yg1e2,Yh1g1]}) ({RR} 10... Ngf6 11. gxf7+ Bxf7 12. Bd3 O-O 13. Qf3 Qb6 14. O-O-O c5 15. Nge2 Rac8 16. Rhg1 Kh8 17. Bc2 cxd4 18. Rxd4 Bc5 19. Na4 Qa5 20. Nxc5 Rxc5 21. Bd6 Qxa2 22. Bxc5 Nxc5 23. Qg3 Rg8 24. Qc7 Qa1+ 25. Kd2 {Nepomniachtchi,I (2721)-Aronian,L (2803) Beijing 2013 1-0 (75)}) ({RR} 10... fxg6 11. Bd3 Nf8 12. Nf3 Bf5 13. Ne5 Nf6 14. Rg1 Ne4 15. Bxe4 Bxe4 16. Nxe4 dxe4 17. Qb3 Qa5+ 18. Kf1 Qb5+ 19. Qxb5 cxb5 20. Rc1 Bxh4 21. Bh2 Bd8 22. Rg4 Nd7 23. Rxg6 Bf6 24. Rc7 Nf8 25. Rg4 {Caruana,F (2736)-Melkumyan,H (2620) Moscow 2012 1-0 (40)}) 11. Bg3 $146 {The plan of bringing the knight to f4 is too slow. At the end White fails to castle, and his king finds itself under attack.} (11. Qc2 Ngf6 12. O-O-O O-O 13. Kb1 {[%cal Yg1e2] needs investigation.}) ({RR} 11. h5 Ngf6 12. f3 O-O 13. Bd3 Ne8 14. Nge2 Bd6 15. Qb3 Nb6 16. O-O-O Qe7 17. Kb1 Kh8 18. a4 Bg8 19. a5 Nc4 20. Bxc4 dxc4 21. Bxd6 Nxd6 22. Qb4 Rae8 23. Rhe1 Qc7 24. Nf4 Re7 25. d5 c5 {Maltsevskaya,A (2243)-Davtyan,A (2413) Moscow 2019 0-1 (60)}) ({RR} 11. Qc2 Ngf6 12. Bd3 Ne4 13. Qb3 Qb6 14. f3 Nd6 15. Nge2 O-O 16. Bg3 Nb5 {½-½ (16) Aashman,G (2294)-Anishka,V (2171) Bijeljina BIH 2026}) 11... Ngf6 12. Nh3 Nb6 13. Nf4 Bd7 14. f3 O-O 15. Kf2 $6 (15. Qc2 {[%cal Ye1c1] was called for.}) 15... Rc8 16. Bd3 c5 $1 {Black opens up the position for his pieces.} 17. Kg2 {This place is not quite safe for White's king.} cxd4 18. exd4 Bd6 {One of Black's ideas is ...xf4 followed by ...h5; ...c4 is possible at any moment, too.} 19. Qb3 $6 (19. Qd2 Nc4 20. Bxc4 Rxc4 {[%cal Yb7b5,Yd8b6] is quite unpleasant for White but "active" play leads to a quick collapse.}) 19... Kh8 20. Bb5 Bxf4 $1 21. Bxf4 Nh5 22. Be5 Bxb5 23. Qxb5 Nc4 24. Rae1 Nxe5 25. Rxe5 Qf6 26. Kf2 Qxg6 $19 {[%csl Rf2] Black has captured this important pawn; White's king has no safe haven and is doomed in the long term.} 27. Rg1 Qf6 28. Rh1 Nf4 29. Ke3 Ng6 30. Rxd5 Nxh4 31. Rd7 Qg5+ 32. Kd3 Nxf3 33. Rd1 Qg2 34. Rxb7 Rfe8 35. Rc7 Rb8 36. Qc6 Red8 37. Kc4 Rxd4+ 38. Kc5 Rxd1 39. Nxd1 Qg1+ 40. Kc4 Qd4# 0-1